000 01364nam a22002297a 4500
005 20170124103214.0
010 _aB-240103
020 _c140.00
_a8185570216
035 _aB-240103
037 _bCen Lib/Ret
040 _aDPL
_bHN
082 _a000
_bयूनिक
245 _aयूनिक प्रश्न-पत्र श्रृंखला समाजशास्त्र :
_cसंपादक जे.के. चोपड़ा
_bसंघ/राज्य लोक सेवा योग सिविल सेवा प्रारंभिक (वैकल्पिक) परीक्षा /
246 _aYoonik prashan patr shrikhla samajshastra : sangh/rajya lok seva ayog civil sva prarambhik (vaikalpik) pariksha /
_bsampak J.K. Chopda
260 _aनयी दिल्ली
_bयूनिक पब्लिशेर्स
_c2008
270 _bनयी दिल्ली
_a4574/15, पदम् चंद मार्ग, अंसारी रोड दरियागंज
_e110002
300 _aभिन्न पृष्ठ
_c25सेमी(सजिल्द )
650 _aसमाजशास्त्र -- परीक्षा
_x
_z
_991517
650 _aSociology. - exam
_996950
700 _aचोपड़ा, जे.के.
_996951
942 _2ddc
_cHN
_h000
_mयूनिक
999 _c121390
_d121390